Statistics for Capital of every country, territory, ect

Click here to take the quiz!

General Stats

  • This quiz has been taken 11 times
  • The average score is 187 of 238

Answer Stats

HintAnswer% Correct
UAEAbu Dhabi
100%
NetherlandsAmsterdam
100%
AndorraAndorra la Vella
100%
TurkeyAnkara
100%
GreeceAthens
100%
IraqBaghdad
100%
AzerbaijanBaku
100%
ThailandBangkok
100%
ChinaBeijing
100%
LebanonBeirut
100%
GermanyBerlin
100%
SwitzerlandBern
100%
ColombiaBogota
100%
BrazilBrasilia
100%
SlovakiaBratislava
100%
BelguimBrussels
100%
RomaniaBucharest
100%
HungaryBudapest
100%
ArgentinaBuenos Aires
100%
EgyptCairo
100%
AustraliaCanberra
100%
DenmarkCopenhagen
100%
SenegalDakar
100%
SyriaDamascus
100%
DjiboutiDjibouti
100%
QatarDoha
100%
IrelandDublin
100%
GuyanaGeorgetown
100%
GuatemalaGuatemala
100%
VietnamHanoi
100%
CubaHavana
100%
FinlandHelsinki
100%
PakistanIslamabad
100%
IndonesiaJakarta
100%
IsraelJerusalem
100%
AfghanistanKabul
100%
Jamaica | Norfolk IslandKingston
100%
Saint Vincent and the GrenadinesKingstown
100%
MalaysiaKuala Lumpur
100%
KuwaitKuwait City
100%
UkraineKyiv
100%
PortugalLisbon
100%
SloveniaLjubljana
100%
UKLondon
100%
LuxembourgLuxembourg
100%
SpainMadrid
100%
PhilippinesManila
100%
MexicoMexico City
100%
BelarusMinsk
100%
SomaliaMogadishu
100%
MonacoMonaco
100%
UruguayMontevideo
100%
RussiaMoscow
100%
KenyaNairobi
100%
IndiaNew Delhi
100%
NorwayOslo
100%
CanadaOttawa
100%
PanamaPanama City
100%
FranceParis
100%
Czech RepublicPrague
100%
North KoreaPyongyang
100%
IcelandReykjavík
100%
LatviaRiga
100%
Saudi ArabiaRiyadh
100%
ItalyRome
100%
San MarinoSan Marino
100%
ChileSantiago
100%
Bosnia and HerzegovinaSarajevo
100%
South KoreaSeoul
100%
SingaporeSingapore
100%
North MacedoniaSkopje
100%
BulgariaSofia
100%
SwedenStockholm
100%
EstoniaTallinn
100%
IranTehran
100%
AlbaniaTirana
100%
JapanTokyo
100%
LiechtensteinVaduz
100%
Vatican CityVatican City
100%
AustriaVienna
100%
LithuaniaVilnius
100%
PolandWarsaw
100%
USAWashington D.C.
100%
New ZealandWellington
100%
CroatiaZagreb
100%
NigeriaAbuja
88%
EthiopiaAddis Ababa
88%
AlgeriaAlgiers
88%
JordonAmman
88%
MadagascarAntananarivo
88%
ParaguayAsuncion
88%
BruneiBandar Seri Begawan
88%
SerbiaBelgrade
88%
BelizeBelmopan
88%
Guinea-BissauBissau
88%
ROTCBrazzaville
88%
BarbadosBridgetown
88%
VenezuelaCaracas
88%
Saint LuciaCastries
88%
MoldovaChisinau
88%
GuineaConakry
88%
BangladeshDhaka
88%
East TimorDili
88%
BotswanaGaborone
88%
ZimbabweHarare
88%
Hong KongHong Kong
88%
NepalKathmandu
88%
SudanKhartoum
88%
BoliviaLa Paz
88%
GabonLibreville
88%
PeruLima
88%
AngolaLuanda
88%
MacauMacau
88%
MaldivesMale
88%
NicaraguaManagua
88%
BahrainManama
88%
MozambiqueMaputo
88%
LesothoMaseru
88%
LiberiaMonrovia
88%
OmanMuscat
88%
BahamasNassau
88%
MyanmarNaypyidaw
88%
KazakhstanNur-Sultan
88%
GreenlandNuuk
88%
SurinameParamaribo
88%
HaitiPort-au-Prince
88%
Trinidad and TobagoPort of Spain
88%
BeninPorto-Novo
88%
KosovoPristina
88%
EcuadorQuito
88%
DominicaRoseau
88%
YemenSana'a
88%
Costa RicaSan Jose
88%
El SalvadorSan Salvador
88%
Dominican RepublicSanto Domingo
88%
Sao Tome and PrincipeSao Tome
88%
Antigua and BarbudaSt. Johns
88%
TaiwanTaipei
88%
UzbekistanTashkent
88%
LibyaTripoli
88%
TunisiaTunis
88%
MongoliaUlaanbaatar
88%
MaltaValletta
88%
NamibiaWindhoek
88%
ArmeniaYerevan
88%
GhanaAccra
75%
SamoaApia
75%
TurkmenistanAshgabat
75%
EritreaAsmara
75%
MaliBamako
75%
CARBangui
75%
GambiaBanjul
75%
Saint Kitts and NevisBasseterre
75%
KyrgyzstanBishkek
75%
French GuianaCayenne
75%
TanzaniaDodoma
75%
TajikistanDushanbe
75%
Sierra LeoneFreetown
75%
TuvaluFunafuti
75%
South SudanJuba
75%
RwandaKigali
75%
DRCKinshasa
75%
MalawiLilongwe
75%
ZambiaLusaka
75%
EswatiniMbabane
75%
ComorosMoroni
75%
ChadN'Djamena
75%
NigerNiamey
75%
CyprusNicosia
75%
MauritaniaNouakchott
75%
TongaNuku'alofa
75%
Burkina FasoOuagadougou
75%
CambodiaPhnom Penh
75%
MontenegroPodgorica
75%
MauritiusPort Louis
75%
Papua New GuineaPort Moresby
75%
VanuatuPort Vila
75%
Cape VerdePraia
75%
PalestineRamallah
75%
Puerto RicoSan Juan
75%
GrenadaSt George's
75%
FijiSuva
75%
GeorgiaTbilisi
75%
HondurasTegucigalpa
75%
BhutanThimphu
75%
SeychellesVictoria
75%
Ivory CoastYamoussoukro
75%
CameroonYaounde
75%
GibraltarGibraltar
63%
BurundiGitega
63%
BermudaHamilton
63%
Solomon IslandsHoniara
63%
UgandaKampala
63%
TogoLome
63%
PalauNgerulmud
63%
MicronesiaPalikir
63%
KiribatiTarawa
63%
NauruYaren
63%
Sri LankaColombo
50%
Isle of ManDouglas
50%
SomalilandHargeisa
50%
Wallis and FutunaMata'utu
50%
American SamoaPago Pago
50%
French PolynesiaPapeete
50%
CuracaoWillemstad
50%
NiueAlofi
38%
GuamHagatna
38%
New CaledoniaNoumea
38%
ArubaOranjestad
38%
GuernseySaint Peter Port
38%
Saint Pierre and MiquelonSaint-Pierre
38%
Northern Mariana IslandsSaipan
38%
Faroe IslandsTorshavn
38%
U.S. Virgin IslandsCharlotte Amalie
25%
Equatorial GuineaCiudad de la Paz
25%
Christmas IslandFlying Fish Cove
25%
MadeiraFunchal
25%
Western SaharaLaayoune
25%
AlandMariehamn
25%
Northern CyprusNorth Nicosia
25%
JerseySaint Helier
25%
AbkhaziaSokhumi
25%
TransnistriaTiraspol
25%
Saint BarthelemyGustavia
13%
Easter IslandHanga Roa
13%
BonaireKralendijk
13%
MoroccoMarrakesh
13%
Sint MaartenPhilipsburg
13%
ArtsakhStepanakert
13%
SabaThe Bottom
13%
South OssetiaTskhinvali
13%
LaosVeintiane
13%
Cocos IslandsWest Island
13%
Cook IslandsAvarua District
0%
South AfricaCape Town, Pretoria, Bloemfontein
0%
Marshall IslandsDelap-Uliga-Djarrit
0%
TokelauNukunonu
0%

Score Distribution

Percentile by Number Answered

Percent of People with Each Score

Your Score History

You have not taken this quiz